000 00431nam a2200181Ia 4500
003 0STCL
008 150530s9999 xx 000 0 und d
040 _aSTCL
_cSTCL
100 _aParappurath
245 _aVelichamkuranja Vazhikal
250 _a1
260 _bSahitya Pravarthaka Co Operative Society ; Kottaya
_c1968
300 _a0
546 _aMalayalam
942 _2ddc
_cBK
999 _c48493
_d48493
005 20220125170745.0